Litvu čakajú tvrdé reformy s dosahom na obyvateľov najsilnejším politickým blokom v krajine je ...

Bibliographic Details
Format: Article
Language:Slovak
ISSN:1335-4698
Subjects:

MARC

LEADER 00000nab a2200000 a 4500
001 vtls000735442
003 SK-MaSNL
005 20260304053654.0
008 180206c2000 xo 0 slo
015 |a SNBRB2000/10-25812 
035 |a CLN000087309 
040 |a SNKBUCL  |b slo  |c SNKBUCL  |e AACR2 
041 0 |a slo 
044 |a xo  |c SK 
080 |a 324(474.5):342.53  |2 UDC-MRF-SK2 
080 |a 323(474.5)  |2 UDC-MRF-SK2 
245 0 0 |a Litvu čakajú tvrdé reformy s dosahom na obyvateľov  |b najsilnejším politickým blokom v krajine je ... 
650 0 7 |a parlamentné voľby  |z Litva  |y 2000  |2 snkbucl  |9 19301 
651 7 |a Litva  |2 snkbucl  |9 25602 
655 7 |a články z novín a časopisov  |2 snkbucl  |9 267496 
773 0 |x 1335-4698  |t Slovenská republika  |g Roč. 8, č. 233 (10.10.2000), s. 6 
850 |a Slovenská národná knižnica v Martine 
852 |a SNK  |b KIS3GCP 
958 |a RBX 
999 |c 2714613  |d 2716543